[Event "DEM U10/U10w 2014"]
[Site "Magdeburg GER"]
[Date "2014.06.09"]
[Round "4"]
[White "Breitzmann, Sander"]
[Black "Ultsch, Paul"]
[Result "1-0"]
[Termination "normal"]
[Board "38"]
[WhiteElo "1220"]
[BlackElo "1024"]
[PlyCount "103"]
[WhiteFideId "12987085"]
[BlackFideId "12955965"]
[EventCountry "GER"]
[EventRounds "11"]
[EventType "swiss"]
[EventDate "2014.06.07"]

1. e4 e5 2. Nf3 Nf6 3. Nxe5 Qe7 4. Nf3 Qxe4+ 5. Be2 Nc6 6. Nc3 Qg6 7. O-O d5 8.
d4 Bh3 9. Nh4 Qg4 10. Bxg4 Bxg4 11. f3 Be6 12. Re1 O-O-O 13. Bf4 Be7 14. Bg5 h6
15. Bxf6 Bxf6 16. Ng6 fxg6 17. Rxe6 Bxd4+ 18. Kf1 Bxc3 19. bxc3 Na5 20. Re5 Nc4
21. Kf2 Nxe5 22. Qd4 Rhe8 23. Qxa7 Rf8 24. Qa8+ Kd7 25. Qxb7 Kd6 26. Rd1 c6 27.
c4 Rf7 28. Qb4+ Ke6 29. cxd5+ cxd5 30. Qb6+ Ke7 31. Qc7+ Nd7 32. Rxd5 Ke8 33.
Qc4 Re7 34. a4 Nb6 35. Qc6+ Rdd7 36. Rxd7 Nxd7 37. Qxg6+ Rf7 38. a5 Nf6 39. Qd3
Rd7 40. Qb5 Nd5 41. a6 Nc7 42. Qb8+ Ke7 43. a7 Rd2+ 44. Kg3 Rxc2 45. Qb4+ Kf6
46. Qf4+ Ke7 47. Qe4+ Kf6 48. Qxc2 g5 49. Qxc7 h5 50. a8=Q h4+ 51. Kg4 Kg6 52.
Qa6# 1-0

[Event "DEM U10/U10w 2014"]
[Site "Magdeburg GER"]
[Date "2014.06.09"]
[Round "4"]
[White "Schönweiler, Elisabeth"]
[Black "Diederich, Greta"]
[Result "1-0"]
[Termination "normal"]
[Board "39"]
[WhiteElo "1217"]
[BlackElo "1036"]
[PlyCount "119"]
[WhiteFideId "12997005"]
[BlackFideId "12988618"]
[EventCountry "GER"]
[EventRounds "11"]
[EventType "swiss"]
[EventDate "2014.06.07"]

1. e4 e5 2. Bc4 Nf6 3. d3 Bc5 4. Nc3 d6 5. Bg5 h6 6. Bh4 b6 7. Nf3 Ba6 8. Bxa6
Nxa6 9. a3 g5 10. Bg3 d5 11. Bxe5 c6 12. exd5 cxd5 13. Bxf6 Qxf6 14. Qe2+ Kf8
15. Nxd5 Qd6 16. Ne3 Re8 17. O-O Qe6 18. d4 Bd6 19. Rfe1 f5 20. Qxa6 Rh7 21.
Qd3 Rf7 22. Qd2 Rfe7 23. Nf1 Qc4 24. Rxe7 Rxe7 25. Ne3 Qe6 26. d5 Qe4 27. Qd4
Bc5 28. Qxe4 Rxe4 29. Nd2 Re5 30. Ndc4 Re4 31. b4 Bd4 32. Rc1 Bc3 33. Nd6 Rd4
34. Ndxf5 Rd2 35. Rd1 Rxd1+ 36. Nxd1 Bg7 37. Nxg7 Kxg7 38. c4 Kf7 39. f3 Ke7
40. Kf2 Kd6 41. Ke3 a6 42. Kd4 h5 43. c5+ bxc5+ 44. bxc5+ Kc7 45. Ke5 a5 46.
Ke6 a4 47. Ke7 h4 48. d6+ Kc6 49. d7 Kxc5 50. d8=Q Kc4 51. Qd6 Kb5 52. Kd7 Kc4
53. Ne3+ Kc3 54. Qb4+ Kd3 55. Nf5 Kc2 56. Kd6 Kd3 57. Kd5 Kc2 58. Kd4 Kc1 59.
Kd3 Kd1 60. Qd2# 1-0

[Event "DEM U10/U10w 2014"]
[Site "Magdeburg GER"]
[Date "2014.06.09"]
[Round "4"]
[White "Khanbekyan, Areg"]
[Black "Mailitis, Ricardo"]
[Result "0-1"]
[Termination "normal"]
[Board "40"]
[WhiteElo "962"]
[BlackElo "1205"]
[PlyCount "90"]
[WhiteFideId "12993727"]
[BlackFideId "12977535"]
[EventCountry "GER"]
[EventRounds "11"]
[EventType "swiss"]
[EventDate "2014.06.07"]

1. e4 e5 2. Nf3 Nc6 3. d4 exd4 4. Nxd4 Bc5 5. Be3 d6 6. Bc4 Nf6 7. Nc3 O-O 8.
O-O Ne5 9. Bg5 Nxc4 10. b3 Nb6 11. a4 Nbd7 12. Rb1 h6 13. Bh4 c6 14. Nf3 Qb6
15. Qd2 Bb4 16. Rfe1 Re8 17. Bxf6 Nxf6 18. e5 Nd5 19. exd6 Rxe1+ 20. Rxe1 Be6
21. Nxd5 cxd5 22. Qf4 Bxe1 23. Nxe1 Rd8 24. Nf3 Qxd6 25. Qd4 Qb6 26. Qf4 d4 27.
Ne5 Qa5 28. h3 Rd5 29. Nd3 Bf5 30. Nb2 Bxc2 31. Qb8+ Rd8 32. Qxb7 d3 33. Qf3 d2
34. Kh2 Qe5+ 35. g3 Qxb2 36. h4 d1=Q 37. Qf4 Qbc1 38. Qxc1 Qxc1 39. h5 Bf5 40.
Kg2 Be4+ 41. Kh3 Bf3 42. g4 Qh1+ 43. Kg3 Rd4 44. b4 Qg2+ 45. Kh4 Rxg4# 0-1

[Event "DEM U10/U10w 2014"]
[Site "Magdeburg GER"]
[Date "2014.06.09"]
[Round "4"]
[White "Kunisch, Nina"]
[Black "Heutling, Elina"]
[Result "1-0"]
[Termination "normal"]
[Board "41"]
[WhiteElo "1201"]
[BlackElo "962"]
[PlyCount "55"]
[WhiteFideId "12982849"]
[BlackFideId "16244729"]
[EventCountry "GER"]
[EventRounds "11"]
[EventType "swiss"]
[EventDate "2014.06.07"]

1. e4 e5 2. Nf3 Nc6 3. Bb5 Bc5 4. Nc3 Nf6 5. O-O O-O 6. d3 d6 7. h3 h6 8. Bxc6
bxc6 9. d4 exd4 10. Nxd4 Bb7 11. Nb3 Bb6 12. Qf3 c5 13. Re1 Re8 14. Bd2 Bxe4
15. Nxe4 Nxe4 16. Rxe4 d5 17. Rxe8+ Qxe8 18. Qg3 Kf8 19. Re1 Qc6 20. a3 c4 21.
Bc3 f6 22. Nd4 Bxd4 23. Bxd4 Re8 24. f3 Rb8 25. Qg6 Qd6 26. b4 cxb3 27. cxb3
Rxb3 28. Re8# 1-0

[Event "DEM U10/U10w 2014"]
[Site "Magdeburg GER"]
[Date "2014.06.09"]
[Round "4"]
[White "Hartmann, Katrin"]
[Black "Glinzner, Alva"]
[Result "1-0"]
[Termination "normal"]
[Board "42"]
[WhiteElo "1014"]
[BlackElo "1194"]
[PlyCount "143"]
[WhiteFideId "16200632"]
[BlackFideId "16206169"]
[EventCountry "GER"]
[EventRounds "11"]
[EventType "swiss"]
[EventDate "2014.06.07"]

1. e4 c6 2. d4 d5 3. exd5 cxd5 4. Nf3 Nc6 5. c4 Nf6 6. Nc3 Bg4 7. Bf4 e6 8. c5
b6 9. cxb6 Qxb6 10. Na4 Qb7 11. Be2 Bxf3 12. Bxf3 Qb4+ 13. Nc3 Qxb2 14. Ne2 Qb6
15. O-O Rd8 16. Re1 Bb4 17. Bd2 Bd6 18. Bg5 Be7 19. Bxf6 Bxf6 20. Nc3 Bxd4 21.
Nxd5 Qb7 22. Rb1 Qd7 23. Nf4 O-O 24. Qc2 Rc8 25. Be4 g6 26. Red1 Rfd8 27. Nd3
Ne5 28. Nxe5 Rxc2 29. Nxd7 Bxf2+ 30. Kh1 Rcc8 31. Nf6+ Kg7 32. Rxd8 Rxd8 33.
Ng4 f5 34. Nxf2 fxe4 35. Nxe4 Rd4 36. Ng3 e5 37. h3 e4 38. Re1 a5 39. Rxe4 Rxe4
40. Nxe4 Kf7 41. Kg1 Ke6 42. Kf2 Kd5 43. Ke3 Kc4 44. Kd2 Kb4 45. Kc2 Ka4 46. g4
Kb4 47. Nf6 h6 48. Ng8 h5 49. gxh5 gxh5 50. Nf6 h4 51. Nd5+ Kc4 52. Nf4 Kd4 53.
Ng2 Ke4 54. Nxh4 Kf4 55. Kb3 Kg3 56. Ka4 Kxh3 57. Kxa5 Kxh4 58. Kb6 Kg4 59. a4
Kf5 60. a5 Ke6 61. a6 Kd6 62. a7 Ke7 63. a8=Q Kd7 64. Qc6+ Ke7 65. Kc5 Kf7 66.
Qd6 Kg7 67. Qe6 Kh7 68. Qg4 Kh6 69. Kd5 Kh7 70. Ke6 Kh8 71. Kf7 Kh7 72. Qh5#
1-0

[Event "DEM U10/U10w 2014"]
[Site "Magdeburg GER"]
[Date "2014.06.09"]
[Round "4"]
[White "Limbach, Anna-Lena"]
[Black "Ewerhardy, Moritz"]
[Result "0-1"]
[Termination "normal"]
[Board "43"]
[WhiteElo "1091"]
[BlackElo "1190"]
[PlyCount "134"]
[WhiteFideId "12980412"]
[BlackFideId "36052086"]
[EventCountry "GER"]
[EventRounds "11"]
[EventType "swiss"]
[EventDate "2014.06.07"]

1. e4 c5 2. f4 d5 3. exd5 Nf6 4. Nf3 Nxd5 5. g3 Nc6 6. d3 h6 7. Bd2 Bg4 8. Nc3
e6 9. h3 Bxf3 10. Qxf3 Nd4 11. Qd1 Be7 12. Nxd5 Qxd5 13. Rg1 Nf3+ 14. Kf2 Nxg1
15. Kxg1 O-O 16. Be3 Rab8 17. c4 Qd7 18. Qg4 b6 19. Rd1 Bf6 20. b3 Qb7 21. d4
Qe4 22. Bf2 Bxd4 23. Bxd4 cxd4 24. h4 Qe3+ 25. Kh1 f5 26. Qh5 Rbd8 27. Rd3 Qf2
28. Rf3 Qxa2 29. Qg6 Rf6 30. Qh5 Qa1 31. Kg2 Qb2+ 32. Kh3 Qc1 33. g4 Qd1 34. g5
hxg5 35. fxg5 Rff8 36. g6 Rfe8 37. Qh7+ Kf8 38. Qh8+ Ke7 39. Qxg7+ Kd6 40. Qxa7
Qxf3+ 41. Kh2 Qxf1 42. Qxb6+ Ke5 43. Qc5+ Kf6 44. g7 Qe2+ 45. Kh3 Qg4+ 46. Kh2
Qxh4+ 47. Kg2 Qg4+ 48. Kf2 Qf4+ 49. Kg2 Qg4+ 50. Kf2 Qxg7 51. b4 Qg4 52. b5
Qf4+ 53. Ke2 Qe5+ 54. Qxe5+ Kxe5 55. b6 Rb8 56. c5 Kd5 57. c6 Kxc6 58. b7 Rxb7
59. Kd3 e5 60. Kd2 Rb3 61. Kc2 Rh3 62. Kd2 Rg8 63. Ke2 Re3+ 64. Kf2 Ra8 65. Kg2
Rb3 66. Kf2 Ra2+ 67. Kf1 Rb1# 0-1

[Event "DEM U10/U10w 2014"]
[Site "Magdeburg GER"]
[Date "2014.06.09"]
[Round "4"]
[White "Fischer, Laura"]
[Black "Kalina, Lena"]
[Result "1-0"]
[Termination "normal"]
[Board "44"]
[WhiteElo "1091"]
[BlackElo "781"]
[PlyCount "55"]
[WhiteFideId "16208935"]
[BlackFideId "12988014"]
[EventCountry "GER"]
[EventRounds "11"]
[EventType "swiss"]
[EventDate "2014.06.07"]

1. e4 e5 2. Nf3 Nc6 3. Bc4 Nf6 4. Nc3 Bc5 5. d3 d6 6. Be3 Bxe3 7. fxe3 Bg4 8.
O-O Qd7 9. Qe1 Bxf3 10. Rxf3 Nb4 11. Bb3 Ng4 12. Bxf7+ Kd8 13. Bb3 Nf6 14. Qh4
Rf8 15. Nd5 Re8 16. Nxb4 Kc8 17. Nd5 Nxd5 18. Bxd5 c6 19. Bb3 Kc7 20. Rf7 Qxf7
21. Bxf7 Rf8 22. Qe7+ Kc8 23. Qxf8+ Kd7 24. Qxa8 Ke7 25. Qe8+ Kf6 26. Qe6+ Kg5
27. Qf5+ Kh4 28. g3# 1-0

[Event "DEM U10/U10w 2014"]
[Site "Magdeburg GER"]
[Date "2014.06.09"]
[Round "4"]
[White "Kiesel, Lara"]
[Black "Morgenstern, Tobias"]
[Result "1-0"]
[Termination "normal"]
[Board "45"]
[WhiteElo "893"]
[BlackElo "1073"]
[PlyCount "77"]
[WhiteFideId "12973785"]
[BlackFideId "12974390"]
[EventCountry "GER"]
[EventRounds "11"]
[EventType "swiss"]
[EventDate "2014.06.07"]

1. e4 e5 2. Nf3 Nc6 3. Bb5 a6 4. Bxc6 dxc6 5. O-O Bg4 6. h3 h5 7. d3 Qf6 8.
Nbd2 O-O-O 9. c4 Rxd3 10. Qe2 Rd7 11. Qe3 Kb8 12. Qg5 Bxf3 13. Qxf6 Nxf6 14.
Nxf3 Bd6 15. Re1 Nh7 16. Rd1 Rhd8 17. Be3 Be7 18. Rxd7 Rxd7 19. Nxe5 Rd6 20.
Nxf7 Rf6 21. Ne5 Re6 22. f4 g5 23. g3 gxf4 24. gxf4 Bd6 25. Bd4 Nf6 26. Re1 c5
27. Bc3 b5 28. b3 Bxe5 29. Bxe5 Nd7 30. Bb2 Rb6 31. e5 Nf8 32. f5 bxc4 33. e6
cxb3 34. axb3 Rxb3 35. e7 Rxb2 36. exf8=Q+ Kb7 37. Qxc5 Rb5 38. Qc4 Rxf5 39.
Qe4+ 1-0

[Event "DEM U10/U10w 2014"]
[Site "Magdeburg GER"]
[Date "2014.06.09"]
[Round "4"]
[White "Eschner, Fabian"]
[Black "Schneider, Katharina"]
[Result "1-0"]
[Termination "normal"]
[Board "46"]
[WhiteElo "1018"]
[BlackElo "929"]
[PlyCount "65"]
[WhiteFideId "16232860"]
[BlackFideId "16200519"]
[EventCountry "GER"]
[EventRounds "11"]
[EventType "swiss"]
[EventDate "2014.06.07"]

1. e4 e5 2. Nf3 Nc6 3. Bc4 Nf6 4. O-O Bc5 5. Re1 O-O 6. c3 d6 7. d4 exd4 8.
cxd4 Bb4 9. Bd2 Bxd2 10. Nbxd2 d5 11. exd5 Nxd5 12. Qb3 Be6 13. Qxb7 Rb8 14.
Qxc6 Rxb2 15. Bb3 Nb4 16. Qc3 Rxb3 17. axb3 Qb8 18. Ra4 Nd5 19. Qc2 Nb6 20. Rb4
Qd8 21. Nc4 Nxc4 22. bxc4 a5 23. Ra4 c6 24. Rxa5 Qxa5 25. h3 c5 26. dxc5 Qxc5
27. Rc1 Bxc4 28. Qxc4 Qxc4 29. Rxc4 Rd8 30. Kh2 Re8 31. Rc7 Re2 32. Rc8+ Re8
33. Rxe8# 1-0

[Event "DEM U10/U10w 2014"]
[Site "Magdeburg GER"]
[Date "2014.06.09"]
[Round "4"]
[White "Sulzbacher, Marijana"]
[Black "Münch, Michelle"]
[Result "1-0"]
[Termination "normal"]
[Board "47"]
[WhiteElo "1016"]
[BlackElo "858"]
[PlyCount "95"]
[WhiteFideId "34658181"]
[EventCountry "GER"]
[EventRounds "11"]
[EventType "swiss"]
[EventDate "2014.06.07"]

1. e4 e5 2. Nf3 Nc6 3. Bc4 Nf6 4. d3 Bb4+ 5. Bd2 Ng4 6. h3 Ne3 7. fxe3 Be7 8.
d4 Bh4+ 9. Kf1 exd4 10. exd4 Qf6 11. e5 Qf5 12. Bd5 Qg6 13. Bxc6 Qg3 14. Qe2
bxc6 15. Nxh4 Qxh4 16. Qg4 Qe7 17. Qxg7 Ba6+ 18. Kg1 O-O-O 19. Qf6 Qf8 20. a3
Qg8 21. Qg5 Qe8 22. Qg7 Rg8 23. Qxh7 Qf8 24. Bb4 d6 25. Qf5+ Rd7 26. e6 Qh6 27.
exd7+ Kd8 28. Be1 Qg7 29. Bh4+ f6 30. Bxf6+ Qxf6 31. Qxf6+ Kxd7 32. Qf7+ Kc8
33. Qxg8+ Kb7 34. Kh2 c5 35. Qd5+ c6 36. Qf7+ Kb6 37. Qb3+ Kc7 38. Re1 c4 39.
Qb4 c3 40. Qxc3 c5 41. dxc5 dxc5 42. Qxc5+ Kb7 43. Re7+ Kb8 44. Qh5 Bc8 45.
Qb5+ Bb7 46. Re8+ Kc7 47. Re7+ Kb8 48. Qxb7# 1-0

[Event "DEM U10/U10w 2014"]
[Site "Magdeburg GER"]
[Date "2014.06.09"]
[Round "4"]
[White "Unbehend, Marius"]
[Black "Bossert, Moritz"]
[Result "0-1"]
[Termination "normal"]
[Board "48"]
[WhiteElo "796"]
[BlackElo "953"]
[PlyCount "106"]
[WhiteFideId "16214420"]
[BlackFideId "16239946"]
[EventCountry "GER"]
[EventRounds "11"]
[EventType "swiss"]
[EventDate "2014.06.07"]

1. e4 e6 2. d4 d5 3. exd5 exd5 4. c4 c5 5. Nf3 Nc6 6. Nc3 Bf5 7. Be2 dxc4 8.
Bxc4 cxd4 9. Ne2 Bb4+ 10. Bd2 Bc5 11. Ng5 Ne5 12. Bf4 Nxc4 13. O-O Nf6 14. Rc1
Qd5 15. b3 Nb2 16. Qd2 Nd3 17. Rc4 O-O 18. Ng3 Nxf4 19. Qxf4 d3 20. Qxf5 Qxf5
21. Nxf5 Rac8 22. Ne3 Bxe3 23. fxe3 Rxc4 24. bxc4 Rd8 25. Rd1 Ng4 26. Nf3 Nxe3
27. Rd2 Nxc4 28. Rd1 d2 29. Nxd2 Nxd2 30. Rc1 Ne4 31. Re1 Nd2 32. Rd1 Nf3+ 33.
gxf3 Rxd1+ 34. Kf2 Rd2+ 35. Kg3 Rxa2 36. Kf4 Rxh2 37. Kg4 Rf2 38. Kf4 a5 39.
Ke3 Rxf3+ 40. Kxf3 a4 41. Ke3 a3 42. Kd4 a2 43. Kc5 a1=Q 44. Kb6 Qb1+ 45. Kc7
Qc2+ 46. Kxb7 Qc5 47. Ka6 Qb4 48. Ka7 Qb5 49. Ka8 Kf8 50. Ka7 Ke7 51. Ka8 Kd7
52. Ka7 Kc6 53. Ka8 Qb7# 0-1

[Event "DEM U10/U10w 2014"]
[Site "Magdeburg GER"]
[Date "2014.06.10"]
[Round "5"]
[White "Keymer, Vincent"]
[Black "Trifan, Andrei Ioan"]
[Result "1-0"]
[Termination "normal"]
[Board "1"]
[WhiteElo "2036"]
[BlackElo "1689"]
[WhiteClock "00:29:33"]
[BlackClock "00:16:21"]
[PlyCount "109"]
[WhiteFideId "12940690"]
[BlackFideId "12967068"]
[EventCountry "GER"]
[EventRounds "11"]
[EventType "swiss"]
[EventDate "2014.06.07"]

1. Nf3 c5 2. c4 Nf6 3. Nc3 d5 4. cxd5 Nxd5 5. g3 Nc6 6. Bg2 Nc7 7. O-O e5 8. d3
Be7 9. Be3 O-O 10. Rc1 Bd7 11. Na4 b6 12. b4 Qe8 13. bxc5 Nd4 14. Nc3 Bxc5 15.
Ne4 Na6 16. Nxd4 exd4 17. Nxc5 bxc5 18. Bf4 Bc6 19. Bxc6 Qxc6 20. Qc2 Rac8 21.
a3 h6 22. h4 Qd5 23. Qc4 Qxc4 24. Rxc4 Rfe8 25. Re1 Re6 26. Kf1 f5 27. Rec1
Rce8 28. Ra4 Kf7 29. Rb1 R8e7 30. Rb5 Rc6 31. Raa5 Kf6 32. h5 Rd7 33. Ke1 Re7
34. Kd2 Ree6 35. e3 Rb6 36. exd4 Rxb5 37. Be5+ Kg5 38. Rxb5 Kxh5 39. Bxg7 f4
40. gxf4 Kg4 41. d5 Rd6 42. Be5 Rxd5 43. Ra5 h5 44. Rxa6 h4 45. Rd6 h3 46. Rh6
c4 47. d4 Ra5 48. f3+ Kg3 49. f5+ Kg2 50. f6 Rxa3 51. Rg6+ Kf2 52. Rg3 h2 53.
Rh3 h1=Q 54. Rxh1 Rxf3 55. Rh4 1-0

[Event "DEM U10/U10w 2014"]
[Site "Magdeburg GER"]
[Date "2014.06.10"]
[Round "5"]
[White "Li, Simon"]
[Black "Svane, Frederik"]
[Result "1-0"]
[Termination "normal"]
[Board "2"]
[WhiteElo "1814"]
[BlackElo "1801"]
[WhiteClock "00:40:52"]
[BlackClock "00:42:10"]
[PlyCount "89"]
[WhiteFideId "12972134"]
[BlackFideId "12923044"]
[EventCountry "GER"]
[EventRounds "11"]
[EventType "swiss"]
[EventDate "2014.06.07"]

1. e4 c5 2. Nf3 e6 3. d4 cxd4 4. Nxd4 a6 5. Nc3 Qc7 6. Bd3 Nf6 7. Bg5 Be7 8. f4
h6 9. Bxf6 Bxf6 10. e5 Be7 11. Qd2 b5 12. O-O Bc5 13. Nce2 Nc6 14. c3 Bb7 15.
Kh1 Rd8 16. a4 b4 17. Nxc6 bxc3 18. Qxc3 Qxc6 19. Rf3 Be7 20. Qb3 Rc8 21. Rc1
Qxc1+ 22. Nxc1 Bxf3 23. gxf3 Rxc1+ 24. Kg2 Rc6 25. Qb7 a5 26. Kg3 Bd8 27. b4
axb4 28. Qxb4 g5 29. a5 f5 30. exf6 gxf4+ 31. Kxf4 Kf7 32. a6 e5+ 33. Kxe5
Bxf6+ 34. Kf4 Bg5+ 35. Kg3 Be7 36. Qb3+ Kf8 37. a7 Kg7 38. Qb7 Rcc8 39. Qxd7
Kf6 40. Qf5+ Kg7 41. Qg6+ Kf8 42. Bc4 Bh4+ 43. Kh3 Ke7 44. Qe6+ Kd8 45. Qxc8+
1-0

[Event "DEM U10/U10w 2014"]
[Site "Magdeburg GER"]
[Date "2014.06.10"]
[Round "5"]
[White "Hommel, Niclas"]
[Black "Weishäutel, Moritz"]
[Result "1/2-1/2"]
[Termination "normal"]
[Board "3"]
[WhiteElo "1575"]
[BlackElo "1801"]
[WhiteClock "00:43:33"]
[BlackClock "00:45:25"]
[PlyCount "44"]
[WhiteFideId "12974927"]
[BlackFideId "12967300"]
[EventCountry "GER"]
[EventRounds "11"]
[EventType "swiss"]
[EventDate "2014.06.07"]

1. e4 e5 2. Nf3 Nc6 3. Bb5 a6 4. Ba4 Nf6 5. O-O b5 6. Bb3 Be7 7. Re1 O-O 8. c3
d6 9. h3 Na5 10. Bc2 c5 11. d4 cxd4 12. cxd4 Qc7 13. d5 Nc4 14. Nbd2 Bd7 15. b3
Nxd2 16. Bxd2 Rac8 17. Rc1 Qb6 18. Be3 Qa5 19. Bb1 Rxc1 20. Bxc1 Rc8 21. Bd2
Qa3 22. Bc1 Qa5 1/2-1/2

[Event "DEM U10/U10w 2014"]
[Site "Magdeburg GER"]
[Date "2014.06.10"]
[Round "5"]
[White "Ziegenfuß, Antonia"]
[Black "Dobrikov, Marco"]
[Result "0-1"]
[Termination "normal"]
[Board "4"]
[WhiteElo "1705"]
[BlackElo "1695"]
[WhiteClock "00:18:18"]
[BlackClock "00:41:09"]
[PlyCount "74"]
[WhiteFideId "12962554"]
[BlackFideId "12950378"]
[EventCountry "GER"]
[EventRounds "11"]
[EventType "swiss"]
[EventDate "2014.06.07"]

1. e4 c5 2. Nc3 Nc6 3. Bb5 g6 4. Bxc6 dxc6 5. f4 Bg7 6. Nf3 Nf6 7. d3 O-O 8.
O-O b5 9. Qe1 a5 10. Kh1 a4 11. Rg1 Nd7 12. g4 b4 13. Ne2 a3 14. e5 axb2 15.
Bxb2 Nb6 16. Qg3 Nd5 17. f5 f6 18. g5 Bxf5 19. gxf6 exf6 20. Raf1 Be6 21. Nh4
Qe7 22. exf6 Nxf6 23. Nf4 Bf7 24. Nf5 Qd8 25. Nxg7 Bd5+ 26. Nxd5 Qxd5+ 27. Qg2
Kxg7 28. Ra1 Kg8 29. h3 Nh5 30. Kh2 Nf4 31. Qg4 Rae8 32. Rae1 Rxe1 33. Rxe1
Qxa2 34. Rf1 Qxb2 35. Rxf4 Qxc2+ 36. Kh1 Qc1+ 37. Kh2 Qxf4+ 0-1

[Event "DEM U10/U10w 2014"]
[Site "Magdeburg GER"]
[Date "2014.06.10"]
[Round "5"]
[White "Hundrieser, Malte"]
[Black "Gelfenbaum, Daniel"]
[Result "1-0"]
[Termination "normal"]
[Board "5"]
[WhiteElo "1429"]
[BlackElo "1719"]
[WhiteClock "00:18:32"]
[BlackClock "00:08:38"]
[PlyCount "75"]
[WhiteFideId "12997153"]
[BlackFideId "12965634"]
[EventCountry "GER"]
[EventRounds "11"]
[EventType "swiss"]
[EventDate "2014.06.07"]

1. e4 c5 2. Nf3 a6 3. d4 cxd4 4. Nxd4 Nf6 5. Nc3 e5 6. Nf3 Bb4 7. Bd2 Bxc3 8.
Bxc3 d6 9. Bd3 Be6 10. O-O O-O 11. Re1 Nc6 12. h3 h6 13. Re3 Qc7 14. Qd2 Rfd8
15. Rae1 Rac8 16. Qe2 Qb6 17. a3 Nd4 18. Qd2 Nxf3+ 19. Rxf3 Qc6 20. Rxf6 Kf8
21. Rf3 Re8 22. Qe3 b5 23. Ba5 Rb8 24. Bb4 Ra8 25. Rg3 Rac8 26. f4 exf4 27.
Qxf4 Qb6+ 28. Qf2 Qd8 29. Qd4 f6 30. Qxd6+ Qxd6 31. Bxd6+ Kf7 32. e5 Red8 33.
Bg6+ Kg8 34. Be7 Rd2 35. exf6 Bd5 36. fxg7 Rc7 37. Bf6 Bf7 38. Bxf7+ 1-0

[Event "DEM U10/U10w 2014"]
[Site "Magdeburg GER"]
[Date "2014.06.10"]
[Round "5"]
[White "Evering, Sören"]
[Black "Krastev, Alexander"]
[Result "1/2-1/2"]
[Termination "normal"]
[Board "6"]
[WhiteElo "1424"]
[BlackElo "1599"]
[WhiteClock "00:01:52"]
[BlackClock "00:44:45"]
[PlyCount "99"]
[WhiteFideId "12974650"]
[BlackFideId "12989983"]
[EventCountry "GER"]
[EventRounds "11"]
[EventType "swiss"]
[EventDate "2014.06.07"]

1. e4 e5 2. Nf3 Nc6 3. Bc4 Bc5 4. b4 Bxb4 5. c3 Ba5 6. d4 exd4 7. O-O Nge7 8.
cxd4 d6 9. Ng5 d5 10. exd5 Nxd5 11. Nxf7 Kxf7 12. Qf3+ Qf6 13. Bxd5+ Ke7 14.
Ba3+ Kd8 15. Qxf6+ gxf6 16. Bb2 Nb4 17. Bb3 Nd3 18. Ba3 Bb6 19. d5 Bd4 20. Nd2
Bxa1 21. Rxa1 b5 22. Bc2 Nf4 23. Bb2 Ke7 24. Re1+ Kf7 25. Ne4 Rg8 26. g3 f5 27.
Nc5 Nxd5 28. Bb3 c6 29. Bc1 a5 30. Bxd5+ cxd5 31. Nd3 Re8 32. Ne5+ Kf6 33. f4
Re7 34. Bb2 Rc7 35. Nd7+ Kf7 36. Ne5+ Kf8 37. Nf3 Rc2 38. Be5 Rxa2 39. Bd6+ Kf7
40. Re7+ Kf6 41. Rxh7 b4 42. Be5+ Kg6 43. Rg7+ Kh6 44. Nh4 b3 45. Rg6+ Kh7 46.
Rg7+ Kh6 47. Rg6+ Kh7 48. Rg7+ Kh8 49. Rg5+ Kh7 50. Rg7+ 1/2-1/2

[Event "DEM U10/U10w 2014"]
[Site "Magdeburg GER"]
[Date "2014.06.10"]
[Round "5"]
[White "Post, Hugo"]
[Black "Kirchner, Markus"]
[Result "1/2-1/2"]
[Termination "normal"]
[Board "7"]
[WhiteElo "1682"]
[BlackElo "1409"]
[PlyCount "52"]
[WhiteFideId "12962490"]
[BlackFideId "12979163"]
[EventCountry "GER"]
[EventRounds "11"]
[EventType "swiss"]
[EventDate "2014.06.07"]

1. e4 e6 2. d4 d5 3. Nd2 Nf6 4. e5 Nfd7 5. Bd3 c5 6. c3 Qb6 7. Ne2 Nc6 8. Nf3
Be7 9. O-O O-O 10. Bc2 Qb5 11. a4 Qa6 12. Bg5 b6 13. Bxe7 Nxe7 14. Nf4 h6 15.
Bb1 cxd4 16. cxd4 b5 17. Qd3 f5 18. Nxe6 Qxe6 19. axb5 Nb6 20. Re1 Bd7 21. b3
Rfc8 22. Ra6 Rc7 23. Ra5 Rac8 24. Qd2 Qg6 25. Qb2 Qe8 26. Bd3 Qf7 1/2-1/2

[Event "DEM U10/U10w 2014"]
[Site "Magdeburg GER"]
[Date "2014.06.10"]
[Round "5"]
[White "Wu, Leon"]
[Black "Astner, Sebastian"]
[Result "0-1"]
[Termination "normal"]
[Board "8"]
[WhiteElo "1568"]
[BlackElo "1389"]
[PlyCount "126"]
[WhiteFideId "12977438"]
[BlackFideId "12979422"]
[EventCountry "GER"]
[EventRounds "11"]
[EventType "swiss"]
[EventDate "2014.06.07"]

1. e4 e5 2. Nf3 Nc6 3. Bc4 Bc5 4. c3 Nf6 5. d3 a6 6. Bb3 h6 7. Nbd2 d6 8. Nf1
Ba7 9. Ne3 Ne7 10. Bc2 Bg4 11. Nxg4 Nxg4 12. O-O Ng6 13. h3 Nf6 14. d4 O-O 15.
Re1 Qe7 16. Qd3 Rad8 17. a4 Nh5 18. g3 Qd7 19. Kh2 Ne7 20. dxe5 Bxf2 21. Rd1
Bxg3+ 22. Kg2 Ng6 23. Qf1 Nxe5 24. Nxe5 Bxe5 25. Qf3 Nf6 26. Be3 Nh7 27. h4 Nf6
28. Rg1 Qg4+ 29. Qxg4 Nxg4 30. Bd4 Bxd4 31. cxd4 Ne3+ 32. Kf2 Nxc2 33. Rac1
Nxd4 34. Rxc7 b5 35. axb5 axb5 36. Ke3 Ne6 37. Rb7 Nc5 38. Rxb5 Rfe8 39. Kf3
Nxe4 40. Rb4 Nd2+ 41. Kf2 Rb8 42. Rbg4 g6 43. b4 Ne4+ 44. Kf3 Rxb4 45. Re1 Nd2+
46. Kf2 Rxe1 47. Rxb4 Re4 48. Rb2 Rxh4 49. Rxd2 Rh2+ 50. Ke3 Rxd2 51. Kxd2 h5
52. Ke3 d5 53. Kf4 d4 54. Kg3 d3 55. Kf2 h4 56. Kg2 d2 57. Kh3 d1=Q 58. Kxh4
Qg1 59. Kh3 Kg7 60. Kh4 Kf6 61. Kh3 Kf5 62. Kh4 Kf4 63. Kh3 Qg3# 0-1

[Event "DEM U10/U10w 2014"]
[Site "Magdeburg GER"]
[Date "2014.06.10"]
[Round "5"]
[White "Lohr, Maximilian"]
[Black "Hinrichs, Paul"]
[Result "1/2-1/2"]
[Termination "normal"]
[Board "9"]
[WhiteElo "1420"]
[BlackElo "1532"]
[PlyCount "92"]
[WhiteFideId "12999717"]
[BlackFideId "12942545"]
[EventCountry "GER"]
[EventRounds "11"]
[EventType "swiss"]
[EventDate "2014.06.07"]

1. e4 e5 2. Nf3 Nc6 3. d4 exd4 4. Nxd4 Bc5 5. Be3 Bb6 6. Bc4 d6 7. Nxc6 bxc6 8.
Nc3 Bb7 9. O-O Ne7 10. Qf3 O-O 11. Bg5 h6 12. Bh4 Qd7 13. Rad1 Ng6 14. Bg3 Rae8
15. Rfe1 Ne5 16. Bxe5 Rxe5 17. Qf4 Rfe8 18. Rd3 Ba5 19. f3 Bxc3 20. Rxc3 d5 21.
Rd3 Qe7 22. Bb3 dxe4 23. Rde3 g5 24. Qg3 Qc5 25. Kh1 Kg7 26. fxe4 f5 27. Qf3
Qe7 28. c3 c5 29. Bc2 Bxe4 30. Bxe4 Rxe4 31. Rxe4 fxe4 32. Qf5 Rf8 33. Qd5 e3
34. Qd3 e2 35. h3 Re8 36. Kg1 Kf6 37. Kf2 Qe4 38. Qxe4 Rxe4 39. Rxe2 Rxe2+ 40.
Kxe2 c4 41. g4 Ke5 42. Ke3 a5 43. b3 cxb3 44. axb3 c6 45. Kf3 Kd5 46. Ke3 Ke5
1/2-1/2

[Event "DEM U10/U10w 2014"]
[Site "Magdeburg GER"]
[Date "2014.06.10"]
[Round "5"]
[White "Pauls, Fynn"]
[Black "Bui, Bao Anh Le"]
[Result "1/2-1/2"]
[Termination "normal"]
[Board "10"]
[WhiteElo "1382"]
[BlackElo "1551"]
[PlyCount "53"]
[WhiteFideId "16213149"]
[BlackFideId "12970719"]
[EventCountry "GER"]
[EventRounds "11"]
[EventType "swiss"]
[EventDate "2014.06.07"]

1. d4 Nf6 2. c4 e6 3. Nc3 Bb4 4. Bg5 Be7 5. e3 b6 6. Nf3 Bb7 7. Be2 O-O 8. O-O
Ne4 9. Bxe7 Qxe7 10. Nxe4 Bxe4 11. Bd3 Bb7 12. Nd2 c5 13. Be4 Bxe4 14. Nxe4
cxd4 15. Qxd4 Nc6 16. Qd6 Qxd6 17. Nxd6 Ne7 18. Rfd1 f5 19. Nb5 Rfd8 20. Rd2 a6
21. Nc3 Rac8 22. Rad1 Rc7 23. Rd6 Nc8 24. Rxe6 Rxc4 25. Re5 g6 26. Red5 d6 27.
R5d4 1/2-1/2